[Event "ESP-chT Div Honor 2018"]
[Site "Linares"]
[Date "2018.08.10"]
[Round "5"]
[White "Oparin, Grigoriy"]
[Black "Vidit, Santosh Gujrathi"]
[Result "0-1"]
[WhiteElo "2609"]
[BlackElo "2715"]
[Annotator "TA"]
[EventDate "2018.08.06"]
[PlyCount "80"]
[EventType "team-tourn"]
[EventCountry "ESP"]

1. Nf3 d5 2. g3 c5 3. Bg2 Nf6 4. O-O g6 5. c4 Bg7 6. Qa4+ Nc6 7. cxd5 Nxd5
8. Nc3 e6 9. Qc4 b6 10. d3 O-O 11. Bg5 Qd7 12. Rac1 Bb7 13. Qh4 Nde7 14.
Rfd1 $146 Nf5 15. Qa4 h6 16. Bd2 Qe7 17. e3 Nb4 $1 18. Be1 Rfd8 19. d4 Bc6
20. Qb3 Qb7 $1 21. e4 Nxd4 22. Nxd4 Rxd4 23. Rxd4 Bxd4 24. Rd1 a5 25. a3 a4
26. Qc4 b5 27. Qe2 Na6 $36 28. h4 b4 29. axb4 Nxb4 30. h5 g5 31. Kh2 a3 32.
bxa3 Rxa3 33. Nb1 $2 Ra2 $19 34. Qf3 Nc2 35. Bc3 f5 $1 36. Qd3 $2 fxe4 37.
Qe2 Bd5 $2 38. Bxd4 $2 Nxd4 39. Qe3 Re2 40. Qa3 Rxf2 0-1

[Event "ESP-chT Div Honor 2018"]
[Site "Linares"]
[Date "2018.08.10"]
[Round "5"]
[White "Kokarev, Dmitry"]
[Black "Rodshtein, Maxim"]
[Result "1-0"]
[WhiteElo "2608"]
[BlackElo "2678"]
[Annotator "TA"]
[EventDate "2018.08.06"]
[PlyCount "115"]
[EventType "team-tourn"]
[EventCountry "ESP"]

1. e4 e5 2. Nf3 Nc6 3. Bb5 Nf6 4. d3 Bc5 5. Bxc6 dxc6 6. Nbd2 Be6 7. O-O
Bd6 8. b3 O-O 9. Bb2 Nd7 10. Qe2 Qe7 $146 11. a4 b6 12. d4 f6 13. h3 Kh8
14. Rfe1 Rae8 15. Nc4 Bxc4 16. Qxc4 exd4 17. Bxd4 c5 18. Bc3 a5 19. Rad1
Ne5 20. Bxe5 Bxe5 21. g3 Bd6 22. Kg2 g6 23. Nd2 Rd8 24. Nf3 Rde8 25. Re3
Rd8 26. h4 Kg7 27. Qe2 Qe6 28. h5 Be7 29. Rd5 Rfe8 30. Qd2 Rd6 31. c4 Rdd8
32. e5 $1 $18 f5 33. Red3 Rc8 34. h6+ Kg8 35. Rd7 g5 36. Nxg5 Qxh6 37. Nh3
Qxd2 38. Rxd2 Bf8 39. f4 Be7 40. Nf2 h5 41. Nd1 Kf7 42. Nc3 $1 Red8 43. Nb5
$1 Rxd7 44. Rxd7 Ke6 45. Rxc7 Rxc7 46. Nxc7+ Kd7 47. Nd5 Bd8 48. Kh3 Ke6
49. Nc3 Be7 50. Nb5 Bd8 51. Nd6 Be7 52. Ne8 Kf7 53. Nc7 Bd8 54. Na6 $1 Ke6
55. Nb8 $1 Bc7 56. Nc6 Kd7 57. Kh4 Kxc6 58. Kg5 1-0

[Event "ESP-chT Div Honor 2018"]
[Site "Linares"]
[Date "2018.08.10"]
[Round "5"]
[White "Ibarra Jerez, Jose Carlos"]
[Black "Cornette, Deimante"]
[Result "1-0"]
[WhiteElo "2570"]
[BlackElo "2463"]
[Annotator "TA"]
[EventDate "2018.08.06"]
[PlyCount "59"]
[EventType "team-tourn"]
[EventCountry "ESP"]

1. Nf3 d5 2. g3 Nf6 3. Bg2 c5 4. O-O Nc6 5. d4 cxd4 6. Nxd4 e5 7. Nxc6 bxc6
8. c4 Be6 9. Nc3 Rc8 10. cxd5 cxd5 11. Qa4+ Qd7 12. Qxd7+ Kxd7 13. Rd1 Bc5
14. Nxd5 Nxd5 15. Bxd5 Bxd5 16. Rxd5+ Ke6 17. Rd2 $146 Rhd8 18. Kf1 a5 19.
Rb1 Bb6 20. Rxd8 Rxd8 $14 21. Ke1 Bc5 22. e4 Rd4 23. f3 Bb4+ 24. Ke2 Rc4
25. a3 $1 $18 Be7 26. Bd2 $1 a4 27. Rc1 Rd4 28. Rc6+ Kd7 29. Ra6 Rc4 30.
Bc3 1-0

[Event "ESP-chT Div Honor 2018"]
[Site "Linares"]
[Date "2018.08.10"]
[Round "5"]
[White "Forcen Esteban, Daniel"]
[Black "Rakhmanov, Aleksandr"]
[Result "0-1"]
[WhiteElo "2569"]
[BlackElo "2629"]
[Annotator "TA"]
[EventDate "2018.08.06"]
[PlyCount "102"]
[EventType "team-tourn"]
[EventCountry "ESP"]

1. e4 e5 2. Bc4 Nf6 3. Nc3 Nxe4 4. Qh5 Nd6 5. Bb3 Be7 6. Qxe5 O-O 7. Nf3
Nc6 8. Qf4 Na5 9. O-O Nxb3 10. axb3 b6 11. Nd5 Re8 $146 12. d3 Bf8 13. Qg4
f6 14. Bd2 Bb7 15. Ne3 Qe7 16. h4 Qe6 17. Qf4 Nf7 18. Nf5 Ne5 19. N3d4 Qf7
20. f3 a6 21. Rae1 d6 22. Ne2 Nc6 23. Bc3 Ne7 24. Nxe7+ Rxe7 25. Ng3 Rae8
26. Nf5 Rxe1 27. Rxe1 Rxe1+ 28. Bxe1 Qe6 29. Bc3 Bc8 30. g4 h5 31. Kf2 Bd7
32. b4 Be8 33. Bd4 Bg6 34. c4 c5 $36 35. bxc5 dxc5 36. Bc3 b5 37. b3 b4 $1
$17 38. Bb2 a5 39. d4 cxd4 40. Nxd4 Bc5 $1 41. gxh5 Bxh5 42. Kg2 Qe8 43.
Qf5 $15 Qg6+ 44. Qxg6 Bxg6 45. Nc6 a4 $1 46. bxa4 Be8 47. Nd4 $1 Bxa4 48.
f4 Bd1 49. Kf2 $2 Bb3 $1 $19 50. Kf3 Bxc4 51. f5 Bd5+ 0-1

[Event "ESP-chT Div Honor 2018"]
[Site "Linares"]
[Date "2018.08.10"]
[Round "5"]
[White "Santos Ruiz, Miguel"]
[Black "Alshameary Puente, Ismael"]
[Result "1-0"]
[WhiteElo "2517"]
[BlackElo "2343"]
[TimeControl "40/5400+30:1800+30"]
[Annotator "RC"]
[EventDate "2018.08.06"]
[PlyCount "55"]
[EventType "team-tourn"]
[EventCountry "ESP"]

1. d4 Nf6 2. c4 g6 3. f3 d5 4. cxd5 Nxd5 5. e4 Nb6 6. Nc3 Bg7 7. Be3 O-O 8.
Qd2 Nc6 9. O-O-O Qd6 10. Kb1 Rd8 11. Nb5 Qd7 12. d5 a6 13. Nc3 Na7 14. Bh6
Bh8 15. Bd3 Nb5 16. Nge2 c5 17. h4 c4 18. Bc2 Qd6 19. h5 Qb4 20. hxg6 fxg6
21. Be3 Bd7 22. Ka1 Qd6 23. Bxb6 Qxb6 24. Qh6 Bg7 25. Qxh7+ Kf8 26. d6 exd6
27. Qxg6 Nxc3 28. Rh7 1-0

[Event "ESP-chT Div Honor 2018"]
[Site "Linares"]
[Date "2018.08.10"]
[Round "5"]
[White "Mirzoev, Azer"]
[Black "Edouard, Romain"]
[Result "1/2-1/2"]
[WhiteElo "2510"]
[BlackElo "2638"]
[Annotator "TA"]
[EventDate "2018.08.06"]
[PlyCount "70"]
[EventType "team-tourn"]
[EventCountry "ESP"]

1. d4 d5 2. Nf3 Nf6 3. c4 dxc4 4. e3 e6 5. Bxc4 c5 6. O-O a6 7. dxc5 Qxd1
8. Rxd1 Bxc5 9. Nbd2 b6 10. b3 Bb7 11. Bb2 Nbd7 12. Be2 O-O 13. Rac1 Rfc8
14. Nc4 Bd5 15. Kf1 Kf8 16. Nce5 $146 Nxe5 17. Nxe5 Ke7 18. Bf3 Bxf3 19.
Nxf3 Bd6 20. Ne5 Bxe5 21. Bxe5 g6 22. Ke2 b5 23. f3 a5 24. e4 Ne8 25. g4 f6
26. Bg3 e5 27. g5 Ke6 28. h4 fxg5 29. hxg5 Nd6 $1 30. Bf2 b4 31. Kf1 Rc3
32. Rxc3 $1 $16 bxc3 33. Rc1 $1 Rc8 34. a4 c2 35. Be1 Rb8 1/2-1/2

[Event "ESP-chT Div Honor 2018"]
[Site "Linares"]
[Date "2018.08.10"]
[Round "5"]
[White "Cuenca Jimenez, Jose Fernando"]
[Black "Lopez Martinez, Josep Manuel"]
[Result "1/2-1/2"]
[WhiteElo "2506"]
[BlackElo "2585"]
[Annotator "TA"]
[EventDate "2018.08.06"]
[PlyCount "250"]
[EventType "team-tourn"]
[EventCountry "ESP"]

1. d4 Nf6 2. c4 e6 3. Nf3 d5 4. g3 Bb4+ 5. Bd2 Be7 6. Bg2 O-O 7. O-O c6 8.
Qc2 Nbd7 9. Bf4 a5 10. Rd1 Ne4 11. Nc3 g5 12. Bc1 f5 13. Ne5 $146 Nxe5 14.
dxe5 Qe8 15. Nxe4 fxe4 16. Be3 g4 17. c5 Rf5 18. Bd4 Qf8 19. e3 h5 $17 20.
Rac1 Bd8 21. Rd2 Bc7 22. Rcd1 Bd7 23. Qb3 Bc8 24. Qc3 Qf7 25. Rc1 Bd7 26.
Qb3 Rb8 27. Bc3 Kh7 28. Rcd1 Be8 29. Qa3 Ra8 30. Qb3 Ra7 31. Bf1 h4 32. Bd4
Bd7 33. Bg2 Kg8 34. Rc2 Be8 35. Rdd2 a4 36. Qa3 Ra8 37. b3 Bd7 38. bxa4 Rf8
39. Qc1 Qg6 40. Bc3 Rh5 41. Qe1 Bc8 42. a5 Kg7 43. Rb2 Rfh8 44. Bf1 Rf5 45.
Rdc2 Qh6 46. Bd4 Rf3 47. Re2 Kg6 48. a3 Rf5 49. a4 Rhf8 50. Bg2 R8f7 51.
Rec2 Qf8 52. Rb1 Kg5 53. Re2 Qd8 54. Bc3 Rf8 55. Rc2 Qe7 56. Bd4 Qf7 57.
Re2 Kh6 58. Reb2 Bd8 59. Re2 Qc7 60. Bc3 Be7 61. Bd4 Bd8 62. Bc3 Qb8 63.
Qd2 Qa7 64. Qd4 Bc7 65. Qb4 $1 $11 R8f7 66. Rc2 Qa6 67. Bf1 $14 Qa8 68. Bg2
Bd8 69. Ra2 Qb8 70. Bd4 Qc7 71. Qb6 Qe7 72. Qb4 Qf8 73. Qe1 Bc7 74. Rc2 Qg7
75. Qc3 Rf8 76. Ra2 Qf7 77. Qe1 Bxa5 78. Qxa5 $11 Rxf2 79. Rab2 h3 80. Qe1
$1 Rxg2+ 81. Rxg2 hxg2 82. Kxg2 Kg6 83. Rb2 Qh7 84. Rf2 Rf3 85. Kg1 Qf7 86.
a5 Qf8 87. Qd2 Bd7 88. Qb2 Kh6 89. Kg2 Qf7 90. Kg1 Bc8 91. Kf1 Kg7 92. Kg1
Kf8 93. Kf1 Ke8 94. Kg1 Kd7 95. Qa2 Kc7 96. Qb2 Qf8 97. Qb6+ Kb8 98. Qb2
Ka8 99. Qe2 Ka7 100. Rg2 Qd8 101. Qe1 Kb8 102. Rb2 Kc7 103. Ra2 Kd7 104.
Rb2 Rf8 105. Rf2 Rf3 106. Rb2 Qf8 107. Ra2 Qd8 108. Rb2 Qe8 109. Ra2 Rf8
110. Rf2 Rf3 111. Ra2 Qf7 112. Rb2 Ke8 113. Ra2 Qc7 114. Qb4 Rf8 115. Rf2
Rxf2 116. Kxf2 Qf7+ 117. Kg1 Qf3 118. Qb6 Kd7 119. Qa7 Qe2 120. Qb6 Qd1+
121. Kg2 Qd2+ 122. Kg1 Qe2 123. Qa7 Kc7 124. Qb6+ $17 Kb8 125. Qd8 Qe1+
1/2-1/2

[Event "ESP-chT Div Honor 2018"]
[Site "Linares"]
[Date "2018.08.10"]
[Round "5"]
[White "Aroshidze, Levan"]
[Black "Ramiro Ovejero, Juan Luis"]
[Result "1-0"]
[WhiteElo "2504"]
[BlackElo "2382"]
[Annotator "TA"]
[EventDate "2018.08.06"]
[PlyCount "113"]
[EventType "team-tourn"]
[EventCountry "ESP"]

1. e4 c5 2. Nf3 e6 3. d4 cxd4 4. Nxd4 a6 5. c4 Nf6 6. Nc3 Bb4 7. Qd3 O-O 8.
e5 Ne8 $1 9. Bf4 d6 10. Nc2 Bxc3+ 11. Qxc3 dxe5 12. Rd1 Qe7 13. Bxe5 Nc6
14. Be2 $146 f6 15. Bg3 e5 16. O-O Nd6 17. f3 Nf5 18. Bf2 Be6 19. Rfe1 Rfd8
20. Bb6 Rxd1 21. Rxd1 Rc8 22. b3 Re8 23. Bd3 Qf7 24. Be4 Nfe7 25. Nb4 f5
26. Bc2 Nxb4 27. Qxb4 Nc6 28. Qd2 Re7 29. Qe3 Rd7 30. f4 Rxd1+ 31. Bxd1 Qd7
32. Be2 e4 33. Bc5 Qd8 34. Qc3 Qa5 35. Qxa5 Nxa5 $14 36. Kf2 Kf7 37. Ke3
Ke8 38. Kd4 Nc6+ 39. Kc3 $1 Kd7 40. Bb6 g6 41. b4 Nb8 42. a4 Kc6 43. Bd8
Kd7 44. Bf6 a5 45. b5 b6 46. Kd4 $1 $18 Bg8 $2 47. c5 $1 bxc5+ 48. Kxc5 Bb3
49. Bc3 Bxa4 50. Bc4 Bc2 51. Bxa5 Bd3 52. Bg8 h6 53. Bh7 e3 54. Bxg6 Ke6
55. g4 e2 $2 56. Bxf5+ Bxf5 57. gxf5+ 1-0

[Event "ESP-chT Div Honor 2018"]
[Site "Linares"]
[Date "2018.08.10"]
[Round "5"]
[White "Ubilava, Elizbar"]
[Black "Assaubayeva, Bibisara"]
[Result "1-0"]
[WhiteElo "2485"]
[BlackElo "2346"]
[TimeControl "40/5400+30:1800+30"]
[Annotator "ChessBase"]
[EventDate "2018.08.06"]
[PlyCount "90"]
[EventType "team-tourn"]
[EventCountry "ESP"]

1. d4 Nf6 2. c4 g6 3. Nc3 Bg7 4. Nf3 O-O 5. g3 d6 6. Bg2 Nc6 7. O-O a6 8.
Bf4 Rb8 9. Rc1 Nd7 10. Qd2 e5 11. dxe5 Ndxe5 12. Nxe5 Nxe5 13. b3 Bd7 14.
Rfd1 Bc6 15. Nd5 Qd7 16. Bh6 b5 17. Bxg7 Kxg7 18. f4 Ng4 19. h3 Bxd5 20.
cxd5 Nf6 21. Qc3 Qe7 22. e4 Rfe8 23. Re1 b4 24. Qd4 Kg8 25. e5 Nh5 26. g4
Ng7 27. Qa7 Qh4 28. Qxc7 dxe5 29. fxe5 h5 30. Rf1 Qe7 31. Qxe7 Rxe7 32.
Rfe1 Rd8 33. Rc6 hxg4 34. hxg4 Rde8 35. d6 Ra7 36. Bd5 Ne6 37. Bxe6 Rxe6
38. g5 Re8 39. Kg2 a5 40. Kf3 a4 41. Rc7 Raa8 42. Kf4 axb3 43. axb3 Kf8 44.
Rh1 Kg7 45. Rhc1 Ra2 1-0

[Event "ESP-chT Div Honor 2018"]
[Site "Linares"]
[Date "2018.08.10"]
[Round "5"]
[White "Suarez Garcia, Carlos"]
[Black "Paehtz, Elisabeth"]
[Result "1/2-1/2"]
[WhiteElo "2468"]
[BlackElo "2500"]
[TimeControl "40/5400+30:1800+30"]
[Annotator "ChessBase"]
[EventDate "2018.08.06"]
[PlyCount "40"]
[EventType "team-tourn"]
[EventCountry "ESP"]

1. d4 d5 2. Nf3 Nf6 3. c4 c6 4. e3 g6 5. Nc3 Bg7 6. Be2 O-O 7. O-O a6 8. a4
a5 9. cxd5 Nxd5 10. e4 Nb4 11. Bg5 Bg4 12. Be3 N8a6 13. Rc1 Rc8 14. Qd2
Bxf3 15. Bxf3 e5 16. d5 f5 17. Bg5 Bf6 18. Bh6 Bg7 19. Bg5 Bf6 20. Bh6 Bg7
1/2-1/2

[Event "ESP-chT Div Honor 2018"]
[Site "Linares"]
[Date "2018.08.10"]
[Round "5"]
[White "Moreno Tejera, Emilio"]
[Black "Magem Badals, Jordi"]
[Result "1-0"]
[WhiteElo "2429"]
[BlackElo "2531"]
[TimeControl "40/5400+30:1800+30"]
[Annotator "ChessBase"]
[EventDate "2018.08.06"]
[PlyCount "81"]
[EventType "team-tourn"]
[EventCountry "ESP"]

1. e4 e5 2. Nf3 Nc6 3. Bc4 Bc5 4. O-O Nf6 5. d3 O-O 6. Nbd2 d6 7. c3 a6 8.
Bb3 h6 9. h3 Ba7 10. Re1 Re8 11. Nf1 Be6 12. Bxe6 Rxe6 13. Be3 Bxe3 14.
Nxe3 Re8 15. Nh2 Nb8 16. Nhg4 Nbd7 17. Qf3 h5 18. Nxf6+ Nxf6 19. Rad1 g6
20. Qg3 c6 21. f4 exf4 22. Qxf4 Re6 23. Rf1 Qe7 24. Qg3 Kh8 25. Nc2 Nd7 26.
Nd4 Rf6 27. Rxf6 Nxf6 28. Rf1 Nh7 29. Qf4 Kg8 30. Qg3 Kh8 31. Qf2 Kg7 32.
Nf3 Rf8 33. Qg3 c5 34. Nh4 Ng5 35. Rf5 f6 36. Rd5 c4 37. Nxg6 Kxg6 38. h4
Rd8 39. hxg5 fxg5 40. dxc4 h4 41. Qd3 1-0

[Event "ESP-chT Div Honor 2018"]
[Site "Linares"]
[Date "2018.08.10"]
[Round "5"]
[White "Osmak, Iulija"]
[Black "Moskalenko, Viktor"]
[Result "1/2-1/2"]
[WhiteElo "2410"]
[BlackElo "2504"]
[Annotator "TA"]
[EventDate "2018.08.06"]
[PlyCount "60"]
[EventType "team-tourn"]
[EventCountry "ESP"]

1. e4 e5 2. Nf3 Nc6 3. Bb5 Nf6 4. O-O Nxe4 5. Re1 Nd6 6. Nxe5 Be7 7. Bf1
Nxe5 8. Rxe5 O-O 9. d4 Bf6 10. Re1 Re8 11. c3 Rxe1 12. Qxe1 Qe8 13. Qxe8+
Nxe8 14. Bd3 d5 15. Bf4 Be7 16. Nd2 Bd6 17. Bxd6 Nxd6 18. Re1 Kf8 $146 19.
f3 Bf5 20. Bxf5 Nxf5 $11 21. Kf2 Re8 22. Rxe8+ Kxe8 23. Nf1 Ke7 24. Ne3 Ke6
25. g4 Nxe3 26. Kxe3 g5 27. Kd3 Kd6 28. b4 b5 29. Ke3 Ke6 30. f4 f6 1/2-1/2

[Event "ESP-chT Div Honor 2018"]
[Site "Linares"]
[Date "2018.08.10"]
[Round "5"]
[White "Vega Gutierrez, Sabrina"]
[Black "Collazo Hidalgo-Gato, Niala"]
[Result "1-0"]
[WhiteElo "2390"]
[BlackElo "2199"]
[Annotator "TA"]
[EventDate "2018.08.06"]
[PlyCount "155"]
[EventType "team-tourn"]
[EventCountry "ESP"]

1. d4 g6 2. e4 Bg7 3. Nf3 d6 4. Bc4 e6 5. Bb3 Ne7 6. O-O O-O 7. Qe2 a5 8.
a3 $146 a4 9. Ba2 b6 10. Rd1 Nd7 11. Bf4 Bb7 12. Nc3 Ra5 13. Bd2 Ra8 14.
Nb5 Nf6 15. e5 Ne4 16. exd6 Nxd6 17. Nxd6 cxd6 18. Bg5 Qd7 19. c3 h6 20.
Bxe7 Qxe7 21. d5 e5 22. Nd4 Qg5 23. Nc6 f5 24. Bc4 Bc8 25. Bb5 f4 26. f3
Qf6 27. Qf2 g5 28. Qxb6 g4 29. Qc7 e4 30. Qe7 gxf3 $11 31. Qxe4 Rf7 $2 32.
Qxf3 Qg5 33. h3 h5 34. Be2 $18 Bf5 35. Nd4 Bxd4+ 36. Rxd4 Bg6 37. Rf1 Re8
38. Kh1 $2 Re3 $11 39. Qf2 Be4 40. Bf3 Bxf3 $1 41. gxf3 Rg7 42. Rg1 $1 Qf5
43. Rxg7+ $16 Kxg7 44. Kh2 Kh6 45. Rd2 Qb1 $2 46. Qh4 $1 $18 Qf5 47. Qd8 $1
Rxf3 48. Qxd6+ Kh7 49. Qe7+ Kh8 50. Qe8+ Kh7 51. Qe7+ Kh8 52. Qh4 $1 Qe5
53. d6 Re3 $16 54. Qd8+ Kh7 55. Qe7+ $1 Qxe7 56. dxe7 Rxe7 57. Kg2 $18 Kg6
58. Kf3 Kf5 $2 59. Rd5+ Re5 $2 60. Rxe5+ $1 Kxe5 61. h4 Kf5 62. c4 Ke5 63.
c5 Kd5 64. Kxf4 Kxc5 65. Kg5 Kc4 66. Kxh5 Kb3 67. Kg4 Kxb2 68. h5 Kxa3 69.
h6 Ka2 70. h7 a3 71. h8=Q Kb1 72. Qh1+ Kb2 73. Qg2+ Kb1 74. Qf1+ Kb2 75.
Qe2+ Kb1 76. Qe1+ Kb2 77. Qb4+ Ka2 78. Kf3 1-0

[Event "ESP-chT Div Honor 2018"]
[Site "Linares"]
[Date "2018.08.10"]
[Round "5"]
[White "Matnadze, Ana"]
[Black "Gines Esteo, Pedro Antonio"]
[Result "1-0"]
[WhiteElo "2378"]
[BlackElo "2336"]
[TimeControl "40/5400+30:1800+30"]
[Annotator "NA RC"]
[EventDate "2018.08.06"]
[PlyCount "139"]
[EventType "team-tourn"]
[EventCountry "ESP"]

1. d4 d6 2. Nf3 g6 3. g3 Bg7 4. Bg2 Nd7 5. O-O e5 6. c4 Ne7 7. Nc3 O-O 8.
e3 h6 9. a4 a5 10. b3 f5 11. dxe5 Nc6 12. Bb2 Ncxe5 13. Nxe5 Bxe5 14. Qc2
Nc5 15. Rad1 Qe7 16. Nd5 Qg7 17. Ba3 Qf7 18. Nf4 Ne4 19. f3 Ng5 20. h4 Nh7
21. h5 gxh5 22. Kf2 Bd7 23. Rh1 Nf6 24. Rh4 Rae8 25. Rdh1 Qg7 26. Bf1 Kh8
27. Bd3 Rg8 28. R1h3 Qg5 29. Bc1 Ref8 30. Kf1 Ne4 31. fxe4 fxe4 32. Be2
Bxh3+ 33. Rxh3 h4 34. Qxe4 hxg3 35. Kg2 Qf5 36. Rxh6+ Kg7 37. Rg6+ Kh8 38.
Rh6+ Kg7 39. Rg6+ Kh8 40. Rxg8+ Kxg8 41. Qd5+ Qf7 42. Bf3 c6 43. Qxf7+ Kxf7
44. Bd2 Ra8 45. Kxg3 Ke7 46. Kf2 Kd7 47. Ke2 Kc7 48. Nd3 Bf6 49. Be1 b6 50.
Bg3 Bc3 51. Nf2 Bb4 52. Ne4 Rg8 53. Bh2 Rg7 54. Nf2 Rg5 55. Nd3 Bc3 56. Bf4
Rg8 57. Nf2 Bb4 58. Ng4 Bc3 59. Kd3 Bb4 60. Ke4 Rb8 61. Kf5 b5 62. cxb5
cxb5 63. Nf6 bxa4 64. bxa4 Bc5 65. Ke6 Rb3 66. Nd5+ Kd8 67. Be2 Kc8 68.
Ba6+ Kd8 69. Bg5+ Ke8 70. Be7 1-0

[Event "ESP-chT Div Honor 2018"]
[Site "Linares"]
[Date "2018.08.10"]
[Round "5"]
[White "Silva Lucena, Cristian"]
[Black "Del Rio De Angelis, Salvador G"]
[Result "1/2-1/2"]
[WhiteElo "2237"]
[BlackElo "2525"]
[Annotator "TA"]
[EventDate "2018.08.06"]
[PlyCount "77"]
[EventType "team-tourn"]
[EventCountry "ESP"]

1. e4 c5 2. Nf3 Nc6 3. d4 cxd4 4. Nxd4 Nf6 5. Nc3 d6 6. Bg5 e6 7. Qd2 Qb6
8. O-O-O Nxd4 9. Qxd4 Qxd4 10. Rxd4 a6 11. Na4 Nd7 12. c4 b6 13. f3 $146
Bb7 14. Be2 Rc8 15. Kb1 Be7 16. Bxe7 Kxe7 17. Rhd1 $1 Rc6 18. b4 Ra8 19.
Kb2 g6 20. Kb3 f5 21. b5 axb5 $11 22. cxb5 Nc5+ $1 23. Nxc5 Rxc5 24. Rxd6
Bd5+ $1 $17 25. R1xd5 exd5 26. Rxb6 fxe4 27. fxe4 dxe4 28. Rb7+ Kd6 29.
Rxh7 Rf5 30. Rg7 Rf2 31. Rxg6+ Ke5 32. Ra6 Rxa6 33. bxa6 Kd6 34. a7 Rf8 35.
Kc4 Ra8 36. Kd4 Rxa7 37. Kxe4 Rxa2 38. Bf3 Rxg2 39. Bxg2 1/2-1/2

[Event "ESP-chT Div Honor 2018"]
[Site "Linares"]
[Date "2018.08.11"]
[Round "6"]
[White "Navara, David"]
[Black "Kokarev, Dmitry"]
[Result "1-0"]
[WhiteElo "2741"]
[BlackElo "2608"]
[Annotator "TA"]
[EventDate "2018.08.06"]
[PlyCount "57"]
[EventType "team-tourn"]
[EventCountry "ESP"]

1. d4 Nf6 2. c4 g6 3. Nc3 Bg7 4. e4 d6 5. Nf3 O-O 6. Be2 e5 7. O-O c6 8.
dxe5 dxe5 9. Nxe5 Nxe4 10. Nxe4 Bxe5 11. Bg5 Qc7 12. f4 $1 Bxb2 13. Bf6 $1
Qb6+ $146 14. c5 Qb4 15. Bxb2 Qxb2 $14 16. Rb1 Qg7 $1 17. Qd6 $36 Nd7 18.
Bc4 b6 19. f5 $1 $18 Nxc5 20. Nf6+ $1 Kh8 21. fxg6 Be6 22. Bxe6 Rad8 23.
Bd7 $1 fxg6 24. Rbe1 Nxd7 25. Nxd7 Rxf1+ 26. Rxf1 c5 27. h3 c4 $2 28. Qe6
Qd4+ 29. Kh2 1-0

[Event "ESP-chT Div Honor 2018"]
[Site "Linares"]
[Date "2018.08.11"]
[Round "6"]
[White "Vitiugov, Nikita"]
[Black "Oparin, Grigoriy"]
[Result "1/2-1/2"]
[WhiteElo "2730"]
[BlackElo "2609"]
[Annotator "TA"]
[EventDate "2018.08.06"]
[PlyCount "143"]
[EventType "team-tourn"]
[EventCountry "ESP"]

1. e4 e5 2. Nf3 Nc6 3. d4 exd4 4. Nxd4 Bc5 5. Nb3 Bb6 6. Nc3 Nf6 7. Qe2 O-O
8. Bg5 h6 9. Bh4 a5 10. a4 Nd4 11. Qd3 Nxb3 12. cxb3 c6 13. O-O-O d5 14.
exd5 cxd5 15. Bxf6 $146 Qxf6 16. Nxd5 Qxf2 17. Qe4 Kh8 18. Rd2 Qc5+ 19. Kb1
Bd8 20. Bd3 f5 21. Qf3 Be6 22. Bc4 Bg5 23. Rd3 Rad8 24. Rhd1 b6 25. h4 Bf6
$1 26. h5 Bxd5 27. Rxd5 $16 Rxd5 28. Rxd5 Qg1+ 29. Ka2 $1 Qc1 30. Qe2 $1 f4
31. Rd2 Qg1 32. Qg4 Qc5 33. Re2 Qg5 34. Qf3 $1 Qc5 35. Re4 Qd6 36. Qe2 g5
37. hxg6 Bg7 38. Re6 Qd4 39. Rc6 Rd8 40. Re6 Rf8 $1 41. Re4 Qd6 $1 42. Bf7
Bf6 43. Qf2 Be5 $2 44. Bc4 Kg7 $18 45. Re2 Rd8 $2 46. Qf3 Bf6 47. Qe4 $2 h5
$16 48. Qf5 Qc5 49. Qxf4 Rd1 50. b4 $1 Qd4 51. Qc7+ Kxg6 52. Bb3 $1 $18 Rd3
53. Qc2 Kh6 54. Rf2 Rg3 55. bxa5 bxa5 56. Qc1+ Rg5 57. Rf4 Qe5 58. g3 Kg7
59. Rc4 Rxg3 60. Rc7+ Be7 61. Qc4 Kh6 62. Qc1+ $2 Rg5 $2 63. Rc6+ Bf6 64.
Qd2 $1 Kg7 65. Qd7+ $2 Kh6 $11 66. Qd2 $2 Kg7 $18 67. Re6 $2 Qd4 $11 68.
Qc2 Rc5 69. Qg2+ Rg5 70. Qc2 Rc5 $1 71. Qg2+ Rg5 72. Qc2 1/2-1/2

[Event "ESP-chT Div Honor 2018"]
[Site "Linares"]
[Date "2018.08.11"]
[Round "6"]
[White "Vidit, Santosh Gujrathi"]
[Black "Kuzubov, Yuriy"]
[Result "1/2-1/2"]
[WhiteElo "2715"]
[BlackElo "2647"]
[Annotator "TA"]
[EventDate "2018.08.06"]
[PlyCount "83"]
[EventType "team-tourn"]
[EventCountry "ESP"]

1. e4 c5 2. Nf3 Nc6 3. Bb5 Nf6 4. Nc3 Qc7 5. O-O Nd4 6. Re1 e5 7. d3 Be7 8.
Bg5 O-O 9. Bc4 d6 10. Bxf6 Bxf6 11. Nd5 Qd8 12. Nxd4 $146 cxd4 13. Rf1 g6
14. Nxf6+ Qxf6 15. Qd2 Be6 16. f4 Rac8 17. Bb3 exf4 18. Rxf4 Qe5 19. Raf1
Bxb3 20. cxb3 Rc7 21. Qf2 Rd7 22. Rc1 d5 23. h3 Re8 24. Rc5 b6 25. Rxd5
Rxd5 26. exd5 Qxd5 27. Qxd4 $11 Re1+ 28. Kh2 Qxd4 29. Rxd4 Re2 30. Ra4 a5
31. b4 Rxb2 32. bxa5 bxa5 33. Rxa5 Rd2 34. Ra3 Kg7 35. Kg3 f5 36. h4 h6 37.
Kf3 g5 38. h5 Kf6 39. Ra6+ Ke5 40. Ra5+ Ke6 41. Ra6+ Ke5 42. Ra5+ 1/2-1/2

[Event "ESP-chT Div Honor 2018"]
[Site "Linares"]
[Date "2018.08.11"]
[Round "6"]
[White "Kryvoruchko, Yuriy"]
[Black "Leko, Peter"]
[Result "1/2-1/2"]
[WhiteElo "2711"]
[BlackElo "2691"]
[Annotator "TA"]
[EventDate "2018.08.06"]
[PlyCount "60"]
[EventType "team-tourn"]
[EventCountry "ESP"]

1. e4 e5 2. Nf3 Nc6 3. Bb5 Nf6 4. d3 Bc5 5. Bxc6 dxc6 6. Qe2 Qe7 7. Nbd2
Bg4 8. h3 Bh5 9. Nc4 Nd7 10. Bd2 f6 11. Ne3 Bxe3 $146 12. Qxe3 Bxf3 13.
gxf3 Nc5 14. f4 Ne6 15. fxe5 fxe5 16. Bc3 Qf6 17. O-O-O c5 18. Rhg1 O-O 19.
Rg4 Rae8 20. Rdg1 Re7 21. h4 Nd4 22. R1g2 b6 23. Bxd4 cxd4 24. Qg3 c5 25.
Rg5 Qf4+ 26. Kd1 Qxg3 27. R5xg3 b5 28. Ke2 c4 29. Rg5 Rf6 30. h5 cxd3+
1/2-1/2

[Event "ESP-chT Div Honor 2018"]
[Site "Linares"]
[Date "2018.08.11"]
[Round "6"]
[White "Jones, Gawain C B"]
[Black "Perez Candelario, Manuel"]
[Result "1-0"]
[WhiteElo "2666"]
[BlackElo "2611"]
[Annotator "TA"]
[EventDate "2018.08.06"]
[PlyCount "127"]
[EventType "team-tourn"]
[EventCountry "ESP"]

1. d4 Nf6 2. c4 g6 3. Nc3 Bg7 4. e4 d6 5. h3 O-O 6. Be3 c5 7. Nf3 cxd4 8.
Nxd4 a6 9. Be2 b6 10. Bf3 $146 Bb7 11. e5 Bxf3 12. Nxf3 dxe5 13. Qxd8 Rxd8
14. Bxb6 Rc8 15. Nd2 Nfd7 16. Be3 f5 17. f3 Nc6 18. Rc1 Rab8 19. b3 e6 20.
Ndb1 Nd4 21. Na4 Nf6 22. Kf2 Nh5 23. Rhd1 Nf4 24. Rxd4 $1 $16 Nxh3+ 25.
gxh3 exd4 26. Bf4 e5 27. Bh2 Rc6 28. Re1 Re8 $36 29. Nd2 Bh6 30. f4 $1 e4
31. Nf3 $1 Bg7 32. Ne5 Bxe5 $1 33. fxe5 g5 $1 34. Rg1 Rg6 35. Nc5 h6 36.
Rd1 Rc6 37. Nxe4 fxe4 38. Rxd4 $11 Kf7 39. Ke3 Ke6 40. Kxe4 Rf8 41. Rd2 Rf1
$17 42. Rc2 Rc8 43. c5 Re1+ 44. Kf3 Rf8+ $1 45. Kg2 Rff1 46. Rc4 Rc1 47.
Ra4 Rfe1 48. Rxa6+ Kd5 49. Rd6+ Kxc5 50. Bg3 $11 Rg1+ 51. Kf2 h5 $1 $17 52.
h4 g4 53. a3 Rgd1 54. b4+ $1 $11 Kc4 55. e6 Rxd6 56. Bxd6 Rc2+ 57. Ke3 Rc3+
58. Ke4 Rxa3 $2 59. e7 $1 $18 Ra8 60. Ke5 g3 61. Ke6 g2 62. Bc5 Rc8 63. Bg1
Kxb4 64. Kd7 1-0